[Event "GER-ch Youth U10W 2020"]
[Site "Willingen"]
[Date "2020.10.28"]
[Round "3.6"]
[White "Yan, Jenny"]
[Black "Neininger, Sarah"]
[Result "0-1"]
[WhiteElo "952"]
[BlackElo "1469"]
[Annotator "NA"]
[PlyCount "126"]
[EventDate "2020.10.27"]
[EventType "swiss"]
[EventRounds "7"]
[EventCountry "GER"]
[SourceTitle "playchess.com"]
[Source "ChessBase"]
[SourceQuality "1"]
[TimeControl "40/4500+30:900+30"]

1. e4 {[%emt 0:00:00]} c5 {[%emt 0:00:00]} 2. Nf3 {[%emt 0:00:00]} Nc6 {[%emt 0:00:00]} 3. d4 {[%emt 0:00:02]} cxd4 {[%emt 0:00:00]} 4. Nxd4 {[%emt 0:00:15]} Nf6 {[%emt 0:00:01]} 5. Nc3 {[%emt 0:00:27]} e5 {[%emt 0:00:16]} 6. Ndb5 {[%emt 0:00:21]} d6 {[%emt 0:00:09]} 7. Nd5 {[%emt 0:00:35]} Nxd5 {[%emt 0:00:19]} 8. exd5 {[%emt 0:00:45]} Nb8 {[%emt 0:00:24]} 9. a4 {[%emt 0:00:45]} Be7 {[%emt 0:00:28]} 10. Be2 {[%emt 0:01:38]} a6 {[%emt 0:00:26]} 11. Nc3 {[%emt 0:01:11]} O-O {[%emt 0:00:35]} 12. O-O {[%emt 0:01:21]} Nd7 {[%emt 0:00:19]} 13. Be3 f5 {[%emt 0:00:23]} 14. Qd3 {[%emt 0:03:51]} e4 {[%emt 0:00:39]} 15. Qd2 {[%emt 0:01:49]} Bf6 {[%emt 0:00:29]} 16. Bf4 {[%emt 0:01:23]} Ne5 {[%emt 0:00:34]} 17. f3 {[%emt 0:02:17]} Bd7 {[%emt 0:01:50]} 18. fxe4 {[%emt 0:00:53]} fxe4 {[%emt 0:03:53]} 19. Nxe4 {[%emt 0:00:35]} Bf5 {[%emt 0:00:40]} 20. Nxf6+ {[%emt 0:00:45]} Rxf6 {[%emt 0:00:37]} 21. Bg5 {[%emt 0:00:30]} Qb6+ {[%emt 0:00:24]} 22. Qe3 {[%emt 0:01:36]} Qxe3+ {[%emt 0:00:24]} 23. Bxe3 {[%emt 0:00:13]} Bxc2 {[%emt 0:00:16]} 24. Rxf6 {[%emt 0:01:00]} gxf6 {[%emt 0:00:11]} 25. b4 {[%emt 0:01:48]} Bb3 {[%emt 0:03:23]} 26. a5 {[%emt 0:00:46]} Bxd5 {[%emt 0:00:32]} 27. Rd1 {[%emt 0:00:36]} Bc4 {[%emt 0:00:40]} 28. Bxc4+ {[%emt 0:01:14]} Nxc4 {[%emt 0:00:08]} 29. Bf4 {[%emt 0:00:31]} Rd8 {[%emt 0:00:51]} 30. Rd4 {[%emt 0:01:19]} Ne5 {[%emt 0:00:44]} 31. Kf2 {[%emt 0:01:11]} Kf7 {[%emt 0:01:06]} 32. h3 {[%emt 0:01:00]} h5 {[%emt 0:01:29]} 33. Rd5 {[%emt 0:01:31]} Ke6 {[%emt 0:00:41]} 34. Rd2 {[%emt 0:01:31]} d5 {[%emt 0:00:36]} 35. Ke3 {[%emt 0:02:17]} Nc4+ {[%emt 0:00:32]} 36. Kd3 {[%emt 0:00:24]} Nxd2 {[%emt 0:00:12]} 37. Bxd2 {[%emt 0:00:10]} Ke5 {[%emt 0:00:22]} 38. Bc3+ {[%emt 0:00:21]} d4 {[%emt 0:00:17]} 39. Be1 {[%emt 0:00:28]} f5 {[%emt 0:01:17]} 40. Bf2 {[%emt 0:00:52]} Rg8 {[%emt 0:04:02]} 41. g3 {[%emt 0:16:37]} Kd5 {[%emt 0:16:18]} 42. h4 {[%emt 0:01:17]} Rg4 {[%emt 0:01:50]} 43. Be1 {[%emt 0:00:46]} f4 {[%emt 0:00:50]} 44. gxf4 {[%emt 0:00:43]} Rxf4 {[%emt 0:00:12]} 45. Bd2 {[%emt 0:02:18]} Rxh4 {[%emt 0:00:59]} 46. Be1 {[%emt 0:02:13]} Rh3+ {[%emt 0:00:40]} 47. Kd2 {[%emt 0:01:01]} d3 {[%emt 0:00:30]} 48. Bf2 {[%emt 0:00:59]} Rh2 {[%emt 0:00:35]} 49. Kxd3 {[%emt 0:01:00]} Rxf2 {[%emt 0:00:13]} 50. Ke3 {[%emt 0:00:19]} Rb2 {[%emt 0:00:26]} 51. Kd3 {[%emt 0:00:19]} Rxb4 {[%emt 0:00:10]} 52. Kc3 {[%emt 0:00:32]} Rh4 {[%emt 0:00:17]} 53. Kd3 {[%emt 0:00:30]} Rh3+ {[%emt 0:00:04]} 54. Ke2 {[%emt 0:00:24]} Kd4 {[%emt 0:00:08]} 55. Kf2 {[%emt 0:00:43]} Ke4 {[%emt 0:00:16]} 56. Kg2 {[%emt 0:00:22]} Ra3 {[%emt 0:00:05]} 57. Kf2 {[%emt 0:00:15]} Rb3 {[%emt 0:00:09]} 58. Kg2 {[%emt 0:00:34]} Kf4 {[%emt 0:00:03]} 59. Kh2 {[%emt 0:00:20]} Kg4 {[%emt 0:00:06]} 60. Kg2 {[%emt 0:00:29]} Rb2+ {[%emt 0:00:06]} 61. Kg1 {[%emt 0:00:18]} Kf3 {[%emt 0:00:17]} 62. Kh1 {[%emt 0:00:14]} Kg3 {[%emt 0:00:30]} 63. Kg1 {[%emt 0:00:09]} Rb1# 0-1

[Event "GER-ch Youth U10W 2020"]
[Site "Willingen"]
[Date "2020.10.28"]
[Round "3.7"]
[White "Trunz, Tamila"]
[Black "Abram, Kristina-Maria"]
[Result "1-0"]
[WhiteElo "1379"]
[BlackElo "1038"]
[Annotator "NA"]
[PlyCount "55"]
[EventDate "2020.10.27"]
[EventType "swiss"]
[EventRounds "7"]
[EventCountry "GER"]
[SourceTitle "playchess.com"]
[Source "ChessBase"]
[SourceQuality "1"]
[TimeControl "40/4500+30:900+30"]

1. e4 {[%emt 0:00:00]} e5 {[%emt 0:00:00]} 2. Nf3 {[%emt 0:00:00]} Nc6 {[%emt 0:00:00]} 3. Bb5 {[%emt 0:00:00]} a6 {[%emt 0:00:48]} 4. Ba4 {[%emt 0:00:00]} b5 {[%emt 0:00:33]} 5. Bb3 {[%emt 0:00:02]} Bc5 {[%emt 0:00:47]} 6. O-O {[%emt 0:00:30]} Nf6 {[%emt 0:00:31]} 7. c3 {[%emt 0:01:51]} d6 {[%emt 0:00:31]} 8. Re1 {[%emt 0:01:09]} Bb7 {[%emt 0:01:44]} 9. d4 {[%emt 0:00:57]} exd4 {[%emt 0:00:56]} 10. cxd4 {[%emt 0:00:40]} Bb4 {[%emt 0:00:43]} 11. Bd2 {[%emt 0:00:39]} Qe7 {[%emt 0:00:42]} 12. e5 {[%emt 0:03:49]} dxe5 {[%emt 0:00:38]} 13. Nxe5 {[%emt 0:01:19]} O-O {[%emt 0:01:16]} 14. Nxc6 {[%emt 0:00:47]} Qd6 {[%emt 0:00:34]} 15. Nxb4 {[%emt 0:01:31]} a5 {[%emt 0:00:35]} 16. Nd3 {[%emt 0:01:09]} Qc6 {[%emt 0:00:33]} 17. f3 {[%emt 0:01:28]} Qb6 {[%emt 0:00:33]} 18. Be3 {[%emt 0:00:37]} Rfe8 {[%emt 0:00:18]} 19. Nd2 {[%emt 0:01:03]} Qc6 {[%emt 0:00:52]} 20. Ne5 {[%emt 0:03:06]} Qd6 {[%emt 0:01:32]} 21. Bxf7+ {[%emt 0:01:08]} Kh8 {[%emt 0:00:15]} 22. Bxe8 {[%emt 0:00:31]} Rxe8 {[%emt 0:00:10]} 23. Nf7+ {[%emt 0:00:24]} Kg8 {[%emt 0:00:13]} 24. Nxd6 {[%emt 0:00:12]} cxd6 {[%emt 0:00:19]} 25. Rc1 {[%emt 0:00:24]} Nd5 {[%emt 0:00:40]} 26. Qb3 {[%emt 0:00:21]} Kh8 {[%emt 0:00:24]} 27. Bg5 {[%emt 0:01:17]} Rxe1+ {[%emt 0:00:17]} 28. Rxe1 {[%emt 0:00:08]} 1-0

[Event "GER-ch Youth U10W 2020"]
[Site "Willingen"]
[Date "2020.10.28"]
[Round "3.8"]
[White "Halas, Neele Zoe"]
[Black "Zhou, Leyi Charlotte"]
[Result "1-0"]
[WhiteElo "1295"]
[BlackElo "1071"]
[Annotator "NA"]
[PlyCount "101"]
[EventDate "2020.10.27"]
[EventType "swiss"]
[EventRounds "7"]
[EventCountry "GER"]
[SourceTitle "playchess.com"]
[Source "ChessBase"]
[SourceQuality "1"]
[TimeControl "40/4500+30:900+30"]

1. e4 {[%emt 0:00:00]} e5 {[%emt 0:00:00]} 2. Nf3 {[%emt 0:00:00]} Nc6 {[%emt 0:00:00]} 3. d4 {[%emt 0:00:00]} exd4 {[%emt 0:00:00]} 4. Nxd4 {[%emt 0:00:00]} Nf6 {[%emt 0:00:07]} 5. Nxc6 {[%emt 0:00:00]} bxc6 {[%emt 0:00:14]} 6. e5 {[%emt 0:00:05]} Qe7 {[%emt 0:00:13]} 7. Qe2 {[%emt 0:00:27]} Nd5 {[%emt 0:00:17]} 8. c4 {[%emt 0:00:16]} Ba6 {[%emt 0:00:27]} 9. b3 {[%emt 0:00:10]} g6 {[%emt 0:00:23]} 10. Ba3 {[%emt 0:01:30]} Qe6 {[%emt 0:05:07]} 11. Bxf8 {[%emt 0:04:30]} Rxf8 {[%emt 0:01:44]} 12. cxd5 {[%emt 0:04:39]} cxd5 {[%emt 0:03:06]} 13. Qxa6 {[%emt 0:01:26]} Qxe5+ {[%emt 0:01:00]} 14. Qe2 {[%emt 0:00:40]} Qxe2+ {[%emt 0:00:57]} 15. Bxe2 {[%emt 0:00:07]} O-O-O {[%emt 0:01:45]} 16. O-O {[%emt 0:00:35]} Rfe8 {[%emt 0:00:16]} 17. Bf3 {[%emt 0:00:34]} Re5 {[%emt 0:00:19]} 18. Nc3 {[%emt 0:00:32]} c6 {[%emt 0:00:10]} 19. Rfe1 {[%emt 0:00:26]} Rde8 {[%emt 0:00:39]} 20. Rxe5 {[%emt 0:01:23]} Rxe5 {[%emt 0:00:27]} 21. Kf1 {[%emt 0:00:22]} d4 {[%emt 0:00:32]} 22. Ne4 {[%emt 0:00:24]} f5 {[%emt 0:00:45]} 23. Nd6+ {[%emt 0:00:48]} Kc7 {[%emt 0:00:43]} 24. Nc4 {[%emt 0:00:25]} Rc5 {[%emt 0:01:37]} 25. Rd1 {[%emt 0:00:19]} d5 {[%emt 0:00:51]} 26. Ne5 {[%emt 0:01:40]} Kd6 {[%emt 0:00:41]} 27. Nd3 {[%emt 0:00:42]} Rc3 {[%emt 0:02:38]} 28. Ke2 {[%emt 0:01:01]} c5 {[%emt 0:02:45]} 29. Rc1 {[%emt 0:01:03]} Rxc1 {[%emt 0:01:53]} 30. Nxc1 {[%emt 0:00:27]} c4 {[%emt 0:00:39]} 31. bxc4 {[%emt 0:00:08]} dxc4 {[%emt 0:00:06]} 32. Kd2 {[%emt 0:00:36]} Kc5 {[%emt 0:00:28]} 33. Ne2 {[%emt 0:01:00]} d3 {[%emt 0:01:14]} 34. Nc3 {[%emt 0:00:25]} h5 {[%emt 0:00:56]} 35. h4 {[%emt 0:00:28]} a5 {[%emt 0:01:35]} 36. a4 {[%emt 0:00:56]} Kb4 {[%emt 0:00:44]} 37. Bd5 {[%emt 0:00:43]} f4 {[%emt 0:01:37]} 38. Bf7 {[%emt 0:00:18]} f3 {[%emt 0:00:46]} 39. gxf3 {[%emt 0:00:18]} g5 {[%emt 0:00:07]} 40. hxg5 {[%emt 0:00:10]} h4 {[%emt 0:00:38]} 41. Be6 {[%emt 0:15:19]} h3 {[%emt 0:16:34]} 42. Bxh3 {[%emt 0:00:14]} Kb3 {[%emt 0:00:22]} 43. g6 {[%emt 0:00:09]} Kb2 {[%emt 0:00:31]} 44. g7 {[%emt 0:00:13]} Ka1 {[%emt 0:00:19]} 45. g8=Q {[%emt 0:00:26]} Kb2 {[%emt 0:00:12]} 46. Qxc4 {[%emt 0:00:39]} Ka3 {[%emt 0:00:21]} 47. Nb5+ {[%emt 0:00:25]} Kb2 {[%emt 0:00:17]} 48. Qc3+ {[%emt 0:00:43]} Kb1 {[%emt 0:01:33]} 49. Kxd3 {[%emt 0:01:24]} Ka2 {[%emt 0:00:12]} 50. Be6+ {[%emt 0:00:20]} Kb1 {[%emt 0:00:10]} 51. Na3# {[%emt 0:00:21]} 1-0

[Event "GER-ch Youth U10W 2020"]
[Site "Willingen"]
[Date "2020.10.28"]
[Round "3.9"]
[White "Mehner, Clara"]
[Black "Kutz, Ida Klara"]
[Result "0-1"]
[WhiteElo "1244"]
[BlackElo "997"]
[Annotator "NA"]
[PlyCount "116"]
[EventDate "2020.10.27"]
[EventType "swiss"]
[EventRounds "7"]
[EventCountry "GER"]
[SourceTitle "playchess.com"]
[Source "ChessBase"]
[SourceQuality "1"]
[TimeControl "40/4500+30:900+30"]

1. e4 {[%emt 0:00:00]} c5 {[%emt 0:00:00]} 2. Nf3 {[%emt 0:00:00]} e6 {[%emt 0:00:00]} 3. d4 {[%emt 0:00:00]} cxd4 {[%emt 0:00:07]} 4. Nxd4 {[%emt 0:00:07]} d5 {[%emt 0:00:31]} 5. Nc3 {[%emt 0:00:47]} Nf6 {[%emt 0:00:34]} 6. Bd3 {[%emt 0:01:23]} Bc5 {[%emt 0:00:40]} 7. Be3 {[%emt 0:05:01]} O-O {[%emt 0:05:54]} 8. O-O {[%emt 0:04:38]} dxe4 {[%emt 0:02:00]} 9. Bxe4 {[%emt 0:01:35]} Bxd4 {[%emt 0:03:49]} 10. Bxd4 {[%emt 0:03:45]} Nxe4 {[%emt 0:01:46]} 11. Nxe4 {[%emt 0:02:28]} Nc6 {[%emt 0:03:11]} 12. Bc3 {[%emt 0:06:16]} Qh4 {[%emt 0:07:15]} 13. f4 {[%emt 0:09:16]} Ne7 {[%emt 0:08:16]} 14. Rf3 {[%emt 0:09:47]} Ng6 {[%emt 0:08:58]} 15. Nf2 {[%emt 0:08:48]} Nxf4 {[%emt 0:06:08]} 16. Rg3 {[%emt 0:02:46]} Ng6 {[%emt 0:02:56]} 17. Rh3 {[%emt 0:01:37]} Qe7 {[%emt 0:07:17]} 18. Qd4 {[%emt 0:00:48]} e5 {[%emt 0:02:29]} 19. Qe4 {[%emt 0:01:22]} Bxh3 {[%emt 0:02:24]} 20. Bb4 {[%emt 0:00:45]} Qe6 {[%emt 0:04:09]} 21. Nxh3 {[%emt 0:01:42]} Rfe8 {[%emt 0:02:59]} 22. Qxb7 {[%emt 0:02:27]} e4 {[%emt 0:01:59]} 23. Qb5 {[%emt 0:02:31]} e3 {[%emt 0:01:49]} 24. Qe2 {[%emt 0:00:28]} Qe4 {[%emt 0:00:50]} 25. Bc5 {[%emt 0:00:44]} Rac8 {[%emt 0:00:45]} 26. b4 {[%emt 0:00:18]} Rcd8 {[%emt 0:00:42]} 27. Ng5 {[%emt 0:01:17]} Qe5 {[%emt 0:00:49]} 28. Nf3 {[%emt 0:00:59]} Qxa1+ {[%emt 0:00:33]} 29. Ne1 {[%emt 0:00:31]} Rd1 {[%emt 0:01:12]} 30. Kf1 {[%emt 0:00:43]} Rxe1+ {[%emt 0:00:43]} 31. Qxe1 {[%emt 0:00:11]} Qxe1+ {[%emt 0:00:17]} 32. Kxe1 {[%emt 0:00:18]} e2 {[%emt 0:00:09]} 33. g3 {[%emt 0:00:33]} f5 {[%emt 0:00:40]} 34. Bd4 {[%emt 0:00:58]} f4 {[%emt 0:00:24]} 35. gxf4 {[%emt 0:00:33]} Nxf4 {[%emt 0:00:16]} 36. Bf2 {[%emt 0:00:30]} Ng2+ {[%emt 0:00:26]} 37. Kd2 {[%emt 0:00:20]} e1=Q+ {[%emt 0:00:31]} 38. Bxe1 {[%emt 0:00:12]} Nxe1 {[%emt 0:00:11]} 39. Kd1 {[%emt 0:00:16]} Kf7 {[%emt 0:00:10]} 40. Kc1 {[%emt 0:00:24]} Rc8 {[%emt 0:00:24]} 41. Kd2 {[%emt 0:15:23]} Nxc2 {[%emt 0:15:08]} 42. Kd3 {[%emt 0:00:19]} Nxb4+ {[%emt 0:00:07]} 43. Kd4 {[%emt 0:00:21]} Nxa2 {[%emt 0:00:16]} 44. Kd5 {[%emt 0:00:26]} Re8 {[%emt 0:00:16]} 45. Kd4 {[%emt 0:00:18]} Nb4 {[%emt 0:00:11]} 46. h3 {[%emt 0:00:44]} Nc6+ {[%emt 0:00:21]} 47. Kd5 {[%emt 0:00:19]} Nb8 {[%emt 0:00:24]} 48. Kd6 {[%emt 0:00:16]} a5 {[%emt 0:00:19]} 49. Kc5 {[%emt 0:00:55]} Rd8 {[%emt 0:00:18]} 50. Kb5 {[%emt 0:00:21]} Rd1 {[%emt 0:00:21]} 51. Kxa5 {[%emt 0:00:14]} Rb1 {[%emt 0:00:20]} 52. Ka4 {[%emt 0:00:26]} Nd7 {[%emt 0:00:07]} 53. Ka3 {[%emt 0:00:36]} Ke6 {[%emt 0:00:10]} 54. Ka2 {[%emt 0:00:33]} Rb8 {[%emt 0:00:11]} 55. Ka3 {[%emt 0:00:20]} Kd5 {[%emt 0:00:11]} 56. h4 {[%emt 0:00:18]} h5 {[%emt 0:00:19]} 57. Ka4 {[%emt 0:00:19]} Kc5 {[%emt 0:00:08]} 58. Ka5 {[%emt 0:00:15]} Ra8# {[%emt 0:00:07]} 0-1

[Event "GER-ch Youth U10W 2020"]
[Site "Willingen"]
[Date "2020.10.28"]
[Round "3.10"]
[White "Manakov, Luisa"]
[Black "Hoffmann, Svenja"]
[Result "0-1"]
[WhiteElo "1103"]
[BlackElo "1219"]
[Annotator "NA"]
[PlyCount "56"]
[EventDate "2020.10.27"]
[EventType "swiss"]
[EventRounds "7"]
[EventCountry "GER"]
[SourceTitle "playchess.com"]
[Source "ChessBase"]
[SourceQuality "1"]
[TimeControl "40/4500+30:900+30"]

1. e4 {[%emt 0:00:00]} e5 {[%emt 0:00:00]} 2. Nf3 {[%emt 0:00:00]} Nc6 {[%emt 0:00:03]} 3. d4 {[%emt 0:00:00]} exd4 {[%emt 0:00:44]} 4. Nxd4 {[%emt 0:00:00]} Bb4+ {[%emt 0:00:18]} 5. c3 {[%emt 0:00:05]} Bc5 {[%emt 0:00:33]} 6. Be3 {[%emt 0:00:11]} Bb6 {[%emt 0:00:37]} 7. Nxc6 {[%emt 0:00:31]} bxc6 {[%emt 0:00:11]} 8. Bc4 {[%emt 0:00:18]} Ne7 {[%emt 0:02:00]} 9. O-O {[%emt 0:00:23]} O-O {[%emt 0:00:17]} 10. Nd2 {[%emt 0:00:42]} d5 {[%emt 0:00:13]} 11. Bd3 {[%emt 0:00:36]} Be6 {[%emt 0:04:17]} 12. Qh5 {[%emt 0:00:31]} Qd7 {[%emt 0:01:00]} 13. exd5 {[%emt 0:00:17]} Bf5 {[%emt 0:00:08]} 14. dxc6 {[%emt 0:00:18]} Qxd3 {[%emt 0:00:23]} 15. Bf4 {[%emt 0:01:25]} Nxc6 {[%emt 0:02:06]} 16. Nf3 {[%emt 0:01:37]} Rfe8 {[%emt 0:02:10]} 17. Ng5 {[%emt 0:02:03]} Bg6 {[%emt 0:00:23]} 18. Qh4 {[%emt 0:02:09]} Ne5 {[%emt 0:03:23]} 19. Rad1 {[%emt 0:02:27]} Qb5 {[%emt 0:00:31]} 20. b3 {[%emt 0:00:29]} Qa5 {[%emt 0:01:52]} 21. a4 {[%emt 0:00:12]} Qxc3 {[%emt 0:00:16]} 22. Rfe1 {[%emt 0:01:05]} Nd3 {[%emt 0:00:43]} 23. Rxe8+ {[%emt 0:09:39]} Rxe8 {[%emt 0:00:16]} 24. Bd2 {[%emt 0:00:39]} Qxb3 {[%emt 0:01:39]} 25. Qg4 {[%emt 0:00:34]} Nxf2 {[%emt 0:00:22]} 26. Qf3 {[%emt 0:03:58]} Nxd1+ {[%emt 0:00:45]} 27. Kf1 {[%emt 0:00:21]} Qc4+ {[%emt 0:00:18]} 28. Qe2 {[%emt 0:00:26]} Qxe2# {[%emt 0:00:08]} 0-1

[Event "GER-ch Youth U10W 2020"]
[Site "Willingen"]
[Date "2020.10.28"]
[Round "3.11"]
[White "Bakó, Isabella"]
[Black "Tran, Hanna Emilie Mai Hoa"]
[Result "1-0"]
[WhiteElo "1153"]
[BlackElo "986"]
[Annotator "NA"]
[PlyCount "55"]
[EventDate "2020.10.27"]
[EventType "swiss"]
[EventRounds "7"]
[EventCountry "GER"]
[SourceTitle "playchess.com"]
[Source "ChessBase"]
[SourceQuality "1"]
[TimeControl "40/4500+30:900+30"]

1. e4 {[%emt 0:00:00]} e5 {[%emt 0:00:00]} 2. Nf3 {[%emt 0:00:11]} Nf6 {[%emt 0:00:00]} 3. Nxe5 {[%emt 0:00:50]} d6 {[%emt 0:01:10]} 4. Nf3 {[%emt 0:00:40]} Nxe4 {[%emt 0:00:42]} 5. Nc3 {[%emt 0:01:14]} Nxc3 {[%emt 0:00:51]} 6. dxc3 {[%emt 0:00:08]} Bg4 {[%emt 0:00:35]} 7. Be3 {[%emt 0:01:31]} Nc6 {[%emt 0:00:54]} 8. Be2 {[%emt 0:03:08]} Be7 {[%emt 0:00:42]} 9. Qd2 {[%emt 0:01:06]} Qd7 {[%emt 0:00:31]} 10. O-O-O {[%emt 0:01:56]} O-O-O {[%emt 0:02:54]} 11. Nd4 {[%emt 0:05:27]} Bxe2 {[%emt 0:08:02]} 12. Qxe2 {[%emt 0:01:59]} Ne5 {[%emt 0:01:12]} 13. Nf3 {[%emt 0:06:37]} Nxf3 {[%emt 0:01:47]} 14. Qxf3 {[%emt 0:00:27]} Qa4 {[%emt 0:00:32]} 15. Kb1 {[%emt 0:02:25]} f6 {[%emt 0:01:42]} 16. Rhe1 {[%emt 0:02:45]} Qb5 {[%emt 0:01:32]} 17. Qg4+ {[%emt 0:05:11]} Kb8 {[%emt 0:00:56]} 18. Bxa7+ {[%emt 0:00:57]} Kxa7 {[%emt 0:01:48]} 19. Rxe7 {[%emt 0:00:41]} Qc6 {[%emt 0:01:01]} 20. Qxg7 {[%emt 0:06:09]} Rc8 {[%emt 0:01:01]} 21. Qxf6 {[%emt 0:05:51]} Rhg8 {[%emt 0:00:24]} 22. Qf5 {[%emt 0:07:19]} Rxg2 {[%emt 0:00:53]} 23. Qxc8 {[%emt 0:01:35]} Qd5 {[%emt 0:00:29]} 24. Rc1 {[%emt 0:06:27]} Rxh2 {[%emt 0:00:37]} 25. Qxc7 {[%emt 0:02:36]} h5 {[%emt 0:01:00]} 26. c4 {[%emt 0:01:25]} Qh1 {[%emt 0:00:20]} 27. Qa5+ {[%emt 0:00:31]} Kb8 {[%emt 0:01:34]} 28. Re8# {[%emt 0:00:35]} 1-0

[Event "GER-ch Youth U10W 2020"]
[Site "Willingen"]
[Date "2020.10.28"]
[Round "3.12"]
[White "Strübel, Katharina"]
[Black "Richter, Johanna"]
[Result "1-0"]
[WhiteElo "1091"]
[BlackElo "1150"]
[Annotator "NA"]
[PlyCount "99"]
[EventDate "2020.10.27"]
[EventType "swiss"]
[EventRounds "7"]
[EventCountry "GER"]
[SourceTitle "playchess.com"]
[Source "ChessBase"]
[SourceQuality "1"]
[TimeControl "40/4500+30:900+30"]

1. e4 {[%emt 0:00:00]} c5 {[%emt 0:00:00]} 2. Nf3 {[%emt 0:00:13]} Nc6 {[%emt 0:00:00]} 3. Bb5 e6 {[%emt 0:02:31]} 4. Bxc6 {[%emt 0:01:51]} bxc6 {[%emt 0:00:16]} 5. d3 g6 {[%emt 0:08:57]} 6. Nc3 {[%emt 0:04:48]} Bg7 {[%emt 0:01:51]} 7. Be3 {[%emt 0:01:31]} Ne7 {[%emt 0:00:53]} 8. Bxc5 {[%emt 0:02:18]} d6 {[%emt 0:06:27]} 9. Be3 {[%emt 0:03:16]} O-O {[%emt 0:07:12]} 10. Qd2 Bd7 {[%emt 0:10:11]} 11. O-O-O {[%emt 0:02:46]} c5 {[%emt 0:01:43]} 12. Bh6 {[%emt 0:02:24]} Rb8 {[%emt 0:01:00]} 13. Bxg7 {[%emt 0:01:05]} Kxg7 {[%emt 0:00:35]} 14. h4 {[%emt 0:00:56]} Qb6 {[%emt 0:00:42]} 15. b3 a5 {[%emt 0:08:17]} 16. h5 {[%emt 0:04:05]} Rg8 {[%emt 0:24:10]} 17. hxg6 {[%emt 0:03:26]} fxg6 {[%emt 0:00:05]} 18. Qh6+ {[%emt 0:01:29]} Kf7 {[%emt 0:00:15]} 19. Qxh7+ {[%emt 0:00:43]} Ke8 {[%emt 0:00:59]} 20. Ng5 {[%emt 0:04:43]} Rf8 {[%emt 0:03:07]} 21. Qh8 {[%emt 0:01:02]} Bc8 {[%emt 0:00:55]} 22. Qg7 {[%emt 0:01:52]} Rb7 {[%emt 0:00:53]} 23. Rh8 {[%emt 0:01:55]} Rxh8 {[%emt 0:00:13]} 24. Qxh8+ {[%emt 0:00:13]} Kd7 {[%emt 0:00:05]} 25. Qf6 {[%emt 0:01:34]} d5 26. exd5 {[%emt 0:01:38]} exd5 {[%emt 0:01:16]} 27. Qxe7+ {[%emt 0:00:44]} Kxe7 {[%emt 0:00:19]} 28. Nxd5+ {[%emt 0:00:15]} Kf8 {[%emt 0:00:00]} 29. Nxb6 {[%emt 0:00:00]} Rxb6 {[%emt 0:00:00]} 30. Ne4 {[%emt 0:00:34]} Bb7 {[%emt 0:00:48]} 31. Nxc5 {[%emt 0:00:22]} Bxg2 {[%emt 0:00:07]} 32. Nd7+ {[%emt 0:00:09]} Kf7 {[%emt 0:00:28]} 33. Nxb6 {[%emt 0:00:14]} Kf6 {[%emt 0:00:02]} 34. d4 {[%emt 0:00:26]} Ke6 {[%emt 0:00:08]} 35. d5+ {[%emt 0:00:10]} Kd6 {[%emt 0:00:22]} 36. Nc4+ {[%emt 0:00:16]} Kc7 {[%emt 0:00:20]} 37. d6+ {[%emt 0:00:09]} Kd8 {[%emt 0:00:10]} 38. d7 {[%emt 0:00:17]} g5 {[%emt 0:00:18]} 39. Nb6 {[%emt 0:00:10]} Bf3 {[%emt 0:00:36]} 40. Re1 {[%emt 0:00:21]} Bh5 {[%emt 0:00:18]} 41. c4 {[%emt 0:15:21]} a4 {[%emt 0:15:50]} 42. bxa4 {[%emt 0:00:21]} g4 43. a5 {[%emt 0:00:18]} g3 {[%emt 0:00:47]} 44. fxg3 Kc7 {[%emt 0:00:00]} 45. a6 {[%emt 0:00:00]} Be2 {[%emt 0:00:31]} 46. Rxe2 {[%emt 0:00:00]} Kxb6 {[%emt 0:01:33]} 47. d8=Q+ Kxa6 {[%emt 0:01:26]} 48. Re6+ {[%emt 0:00:00]} Kb7 {[%emt 0:00:17]} 49. Qd7+ {[%emt 0:00:00]} Kb8 {[%emt 0:00:06]} 50. Re8# 1-0

[Event "GER-ch Youth U10W 2020"]
[Site "Willingen"]
[Date "2020.10.28"]
[Round "3.13"]
[White "Blaufuß, Lena"]
[Black "Zhou, Jenny"]
[Result "1-0"]
[WhiteElo "1073"]
[BlackElo "1131"]
[Annotator "NA"]
[PlyCount "65"]
[EventDate "2020.10.27"]
[EventType "swiss"]
[EventRounds "7"]
[EventCountry "GER"]
[SourceTitle "playchess.com"]
[Source "ChessBase"]
[SourceQuality "1"]
[TimeControl "40/4500+30:900+30"]

1. e4 {[%emt 0:00:00]} e5 {[%emt 0:00:00]} 2. Nf3 {[%emt 0:00:00]} Nc6 {[%emt 0:00:00]} 3. Bc4 {[%emt 0:00:00]} Bc5 {[%emt 0:00:00]} 4. c3 {[%emt 0:00:16]} Nf6 {[%emt 0:00:00]} 5. d4 {[%emt 0:00:10]} exd4 {[%emt 0:00:01]} 6. cxd4 {[%emt 0:00:15]} Bb4+ {[%emt 0:00:06]} 7. Bd2 {[%emt 0:00:17]} Bxd2+ {[%emt 0:00:42]} 8. Nbxd2 {[%emt 0:00:27]} d5 {[%emt 0:00:29]} 9. exd5 {[%emt 0:00:29]} Nxd5 {[%emt 0:00:12]} 10. Qb3 {[%emt 0:01:30]} Be6 {[%emt 0:00:34]} 11. Qxb7 Nce7 12. Bb5+ {[%emt 0:04:07]} Bd7 {[%emt 0:00:48]} 13. Bxd7+ {[%emt 0:02:29]} Kf8 {[%emt 0:03:56]} 14. Ba4 {[%emt 0:02:23]} Nb6 {[%emt 0:02:06]} 15. Qa6 {[%emt 0:05:10]} Nxa4 {[%emt 0:01:21]} 16. Qxa4 {[%emt 0:01:14]} Nd5 {[%emt 0:00:58]} 17. O-O {[%emt 0:00:31]} Nf4 {[%emt 0:00:27]} 18. Ne4 {[%emt 0:01:33]} h5 {[%emt 0:01:27]} 19. h4 {[%emt 0:01:33]} Qd5 {[%emt 0:03:38]} 20. Rae1 {[%emt 0:03:05]} Re8 {[%emt 0:01:11]} 21. Neg5 {[%emt 0:03:41]} Ra8 {[%emt 0:03:22]} 22. Re5 {[%emt 0:01:22]} Qd6 {[%emt 0:02:06]} 23. Rfe1 {[%emt 0:02:41]} c6 {[%emt 0:01:43]} 24. Qb3 {[%emt 0:02:33]} Qf6 {[%emt 0:06:04]} 25. R5e4 {[%emt 0:05:46]} Nd5 {[%emt 0:02:28]} 26. Ne5 {[%emt 0:03:23]} Qd8 {[%emt 0:02:24]} 27. Nexf7 Qb6 28. Qf3 {[%emt 0:07:11]} Nf6 {[%emt 0:02:29]} 29. Nxh8 {[%emt 0:02:37]} Qb8 {[%emt 0:06:31]} 30. Ng6+ {[%emt 0:01:54]} Kg8 {[%emt 0:00:18]} 31. Re6 {[%emt 0:09:32]} Qc7 {[%emt 0:04:40]} 32. Qb3 {[%emt 0:04:56]} Rf8 {[%emt 0:02:04]} 33. Re8+ {[%emt 0:02:45]} 1-0